[Event "FIDE World Rapid 2013"]
[Site "Khanty-Mansiysk RUS"]
[Date "2013.06.06"]
[Round "4.27"]
[White "Ponkratov, Pavel"]
[Black "Nguyen, Ngoc Truong Son"]
[Result "1/2-1/2"]
[WhiteTitle "GM"]
[BlackTitle "GM"]
[WhiteElo "2605"]
[BlackElo "2625"]
[WhiteFideId "4157800"]
[BlackFideId "12401110"]
[EventDate "2013.06.06"]

1. e4 e6 2. d4 d5 3. Nc3 Nf6 4. Bg5 Bb4 5. e5 h6 6. Be3 Ne4 7. Qg4 g6 8. a3
Bxc3+ 9. bxc3 c5 10. Bd3 Nxc3 11. dxc5 Nc6 12. Nf3 Qa5 13. O-O Qa4 14. Qxa4 Nxa4
15. Bb5 Nc3 16. a4 Bd7 17. Ra3 Ne4 18. Rb1 Rc8 19. Ne1 Nxe5 20. Bd4 f6 21. Bxd7+
Nxd7 22. Rxb7 e5 23. f3 Nexc5 24. Bxc5 Rxc5 25. Rxa7 Ke7 26. Rb3 Rc6 27. Rbb7
Rd8 28. a5 Ke6 29. Kf1 e4 30. g4 f5 31. Ng2 Rxc2 32. Nf4+ Kd6 33. Nxg6 fxg4 34.
fxe4 dxe4 35. Rb4 Rd2 36. Rxe4 Nc5 37. Re2 Rxe2 38. Kxe2 Rb8 39. Kf2 Rb3 40. Rh7
Ne4+ 41. Ke2 Rh3 42. a6 Rxh2+ 43. Ke3 Nf6 44. a7 Ra2 45. Rxh6 Rxa7 46. Kf4 Ke6
47. Nh4 Ra4+ 48. Kg5 Ra5+ 49. Kf4 Ra2 50. Kg3 Ra4 51. Rh8 Ke5 52. Ng6+ Kf5 53.
Nh4+ Ke4 54. Rb8 Ra3+ 55. Kg2 Nd5 56. Re8+ Kf4 57. Rf8+ Ke5 58. Ng6+ Kd4 59. Rd8
Kc5 60. Rf8 Kd6 61. Nf4 Ke7 62. Ng6+ Kd6 63. Nf4 Ne3+ 64. Kg3 Ke7 65. Ng6+ Ke6
66. Nf4+ Ke5 67. Re8+ Kf6 68. Rf8+ Kg7 69. Ne6+ Kg6 70. Nf4+ Kg5 71. Ne6+ Kg6
72. Kh4 Nf5+ 73. Kxg4 Nh6+ 74. Kf4 1/2-1/2

[Event "FIDE World Rapid 2013"]
[Site "Khanty-Mansiysk RUS"]
[Date "2013.06.06"]
[Round "4.28"]
[White "Skatchkov, Pavel"]
[Black "Cherniaev, Alexander"]
[Result "0-1"]
[WhiteTitle "GM"]
[BlackTitle "GM"]
[WhiteElo "2486"]
[BlackElo "2447"]
[WhiteFideId "4121848"]
[BlackFideId "4117301"]
[EventDate "2013.06.06"]

1. d4 Nf6 2. Nf3 d6 3. Nc3 Bf5 4. g3 h6 5. Bg2 c6 6. O-O Nbd7 7. Re1 d5 8. Bf4
e6 9. Nd2 g5 10. Be5 Nxe5 11. dxe5 Nd7 12. e4 Bg6 13. exd5 cxd5 14. Qe2 a6 15.
Nxd5 exd5 16. e6 Nf6 17. Nf3 Bd6 18. Nd4 Kf8 19. exf7 Bxf7 20. Qf3 Kg7 21. Re6
Bg6 22. Rae1 Rf8 23. Bh3 Bc5 24. Nf5+ Bxf5 25. Bxf5 Rc8 26. Bd3 Ne4 27. Qh5 Rf6
28. Rxf6 Qxf6 29. Re2 Rf8 0-1

[Event "FIDE World Rapid 2013"]
[Site "Khanty-Mansiysk RUS"]
[Date "2013.06.06"]
[Round "4.29"]
[White "Gundavaa, Bayarsaikhan"]
[Black "Akbaev, Kazbek"]
[Result "1-0"]
[WhiteTitle "GM"]
[BlackTitle "IM"]
[WhiteElo "2516"]
[BlackElo "2475"]
[WhiteFideId "4901045"]
[BlackFideId "4131045"]
[EventDate "2013.06.06"]

1. d4 Nf6 2. c4 e5 3. dxe5 Ng4 4. Nf3 d6 5. exd6 Bxd6 6. Nc3 Nc6 7. e3 O-O 8.
Be2 Bf5 9. h3 Nge5 10. Nd4 Qf6 11. Nd5 Qg5 12. Nxf5 Qxf5 13. O-O Rad8 14. f4 Nd7
15. Bd3 Qe6 16. Qc2 f5 17. Bd2 Nc5 18. Rae1 Nxd3 19. Qxd3 Nb4 20. Qb3 Nxd5 21.
cxd5 Qe4 22. Rc1 b5 23. Ba5 Rf7 24. Rfd1 g5 25. Rd4 Qe7 26. Bb4 Bxb4 27. Rxb4
Rxd5 28. Qxd5 Qxe3+ 29. Kh2 Qxc1 30. Qd8+ Kg7 31. Qxg5+ Kf8 32. Rxb5 Ke8 33.
Qg8+ Ke7 34. Re5+ Kd6 35. Qd8+ Kc6 36. Qd5+ Kb6 37. Qb5# 1-0

[Event "FIDE World Rapid 2013"]
[Site "Khanty-Mansiysk RUS"]
[Date "2013.06.06"]
[Round "5.1"]
[White "Nepomniachtchi, Ian"]
[Black "Khairullin, Ildar"]
[Result "1/2-1/2"]
[WhiteTitle "GM"]
[BlackTitle "GM"]
[WhiteElo "2717"]
[BlackElo "2658"]
[WhiteFideId "4168119"]
[BlackFideId "4151348"]
[EventDate "2013.06.06"]

1. e4 e5 2. Nf3 Nc6 3. Bb5 Nf6 4. O-O Nxe4 5. Re1 Nd6 6. Nxe5 Be7 7. Bf1 Nf5 8.
c3 Nxe5 9. Rxe5 d6 10. Re1 O-O 11. d4 d5 12. Bf4 Bd6 13. Bxd6 Nxd6 14. Nd2 Bf5
15. Qf3 c6 16. Bd3 Bxd3 1/2-1/2

[Event "FIDE World Rapid 2013"]
[Site "Khanty-Mansiysk RUS"]
[Date "2013.06.06"]
[Round "5.4"]
[White "Potkin, Vladimir"]
[Black "Vallejo Pons, Francisco"]
[Result "1/2-1/2"]
[WhiteTitle "GM"]
[BlackTitle "GM"]
[WhiteElo "2647"]
[BlackElo "2706"]
[WhiteFideId "4131061"]
[BlackFideId "2205530"]
[EventDate "2013.06.06"]

1. d4 Nf6 2. c4 b6 3. Nc3 Bb7 4. f3 d5 5. cxd5 Nxd5 6. Nxd5 Qxd5 7. e4 Qd6 8.
Bb5+ Nc6 9. Bxc6+ Bxc6 10. Ne2 Qb4+ 11. Kf2 Bb7 12. a3 Qb5 13. Qc2 Rc8 14. a4
Qd7 15. a5 e6 16. Qb3 Ba8 17. Bf4 Be7 18. Rhc1 O-O 19. Kg1 h6 20. Rc2 Bc6 21.
Be5 Ba8 22. Rac1 c5 23. axb6 axb6 24. Qxb6 Bg5 1/2-1/2

[Event "FIDE World Rapid 2013"]
[Site "Khanty-Mansiysk RUS"]
[Date "2013.06.06"]
[Round "5.5"]
[White "Akopian, Vladimir"]
[Black "Safarli, Eltaj"]
[Result "1/2-1/2"]
[WhiteTitle "GM"]
[BlackTitle "GM"]
[WhiteElo "2691"]
[BlackElo "2660"]
[WhiteFideId "13300032"]
[BlackFideId "13402129"]
[EventDate "2013.06.06"]

1. e4 c5 2. Nf3 e6 3. d4 cxd4 4. Nxd4 Nf6 5. Nc3 Nc6 6. Ndb5 Bb4 7. a3 Bxc3+ 8.
Nxc3 d5 9. exd5 Nxd5 10. Nxd5 exd5 11. Bd3 Qe7+ 12. Qe2 Qxe2+ 13. Kxe2 Ne5 14.
Bb5+ Bd7 15. a4 O-O-O 16. Rd1 Bf5 17. Bf4 Nc6 18. Kd2 a6 19. Bd3 Bxd3 20. cxd3
b6 21. Rdc1 Kb7 22. Rc3 Rd7 23. Rac1 Rc8 24. b4 Na7 25. Rxc8 Nxc8 26. Re1 Re7
27. Rc1 Na7 1/2-1/2

[Event "FIDE World Rapid 2013"]
[Site "Khanty-Mansiysk RUS"]
[Date "2013.06.06"]
[Round "5.6"]
[White "Grischuk, Alexander"]
[Black "Zvjaginsev, Vadim"]
[Result "1-0"]
[WhiteTitle "GM"]
[BlackTitle "GM"]
[WhiteElo "2779"]
[BlackElo "2659"]
[WhiteFideId "4126025"]
[BlackFideId "4113403"]
[EventDate "2013.06.06"]

1. d4 Nf6 2. Nf3 d5 3. g3 Bf5 4. c4 e6 5. Nc3 c6 6. Nh4 Bg4 7. h3 Bh5 8. g4 Nfd7
9. Qb3 b6 10. Ng2 Bg6 11. Nf4 dxc4 12. Qxc4 b5 13. Qb3 b4 14. Nxg6 hxg6 15. Ne4
c5 16. dxc5 Nxc5 17. Nxc5 Bxc5 18. Bg2 Nd7 19. Bxa8 Qxa8 20. Qf3 Qxf3 21. exf3
Nf6 22. Be3 Be7 23. Bxa7 Nd5 24. O-O-O f6 25. h4 Kf7 26. Be3 Ra8 27. Kb1 Ra5 28.
h5 gxh5 29. Rxh5 Bd6 30. f4 Rb5 31. f5 e5 32. Rh3 e4 33. Bc1 Be5 34. Rb3 Rc5 35.
Be3 Ra5 36. Bd2 Bd6 37. a3 g6 38. Bxb4 Bxb4 39. axb4 Rb5 40. Rd4 1-0

[Event "FIDE World Rapid 2013"]
[Site "Khanty-Mansiysk RUS"]
[Date "2013.06.06"]
[Round "5.8"]
[White "Kobalia, Mikhail"]
[Black "Andreikin, Dmitry"]
[Result "0-1"]
[WhiteTitle "GM"]
[BlackTitle "GM"]
[WhiteElo "2651"]
[BlackElo "2713"]
[WhiteFideId "4119150"]
[BlackFideId "4158814"]
[EventDate "2013.06.06"]

1. e4 e5 2. Nf3 Nc6 3. Bb5 Nf6 4. d3 d6 5. O-O Bd7 6. c3 g6 7. Re1 Bg7 8. d4 O-O
9. Ba4 h6 10. Nbd2 Re8 11. dxe5 Nxe5 12. Nxe5 Rxe5 13. Bc2 Qe8 14. f3 Re7 15.
Rf1 Rd8 16. Bb3 d5 17. exd5 Bf5 18. Bc2 Nxd5 19. Bxf5 Ne3 20. Qb3 Nxf1 21. Nxf1
Re1 22. Be4 Rdd1 23. Qxd1 Rxd1 24. Rb1 Qb5 0-1

[Event "FIDE World Rapid 2013"]
[Site "Khanty-Mansiysk RUS"]
[Date "2013.06.06"]
[Round "5.10"]
[White "Movsesian, Sergei"]
[Black "Kurnosov, Igor"]
[Result "1/2-1/2"]
[WhiteTitle "GM"]
[BlackTitle "GM"]
[WhiteElo "2699"]
[BlackElo "2657"]
[WhiteFideId "310204"]
[BlackFideId "4142527"]
[EventDate "2013.06.06"]

1. c4 Nf6 2. Nc3 d5 3. cxd5 Nxd5 4. g3 Nxc3 5. bxc3 g6 6. Bg2 Bg7 7. h4 c6 8. h5
Qa5 9. Nf3 Nd7 10. Kf1 Nc5 11. Rh4 Bf6 12. Rh1 Bg4 13. Nd4 Rd8 14. hxg6 hxg6 15.
Rxh8+ Bxh8 16. Qc2 Bxd4 17. cxd4 Ne6 18. e3 Qh5 19. Ba3 Bf3 20. Rb1 Bxg2+ 21.
Kxg2 Ng5 22. Rh1 Qf3+ 23. Kg1 Qd5 24. d3 Nf3+ 25. Kf1 Nd2+ 26. Kg1 Nf3+ 1/2-1/2

[Event "FIDE World Rapid 2013"]
[Site "Khanty-Mansiysk RUS"]
[Date "2013.06.06"]
[Round "5.11"]
[White "Salem, A.R. Saleh"]
[Black "Cheparinov, Ivan"]
[Result "0-1"]
[WhiteTitle "GM"]
[BlackTitle "GM"]
[WhiteElo "2531"]
[BlackElo "2678"]
[WhiteFideId "9301348"]
[BlackFideId "2905540"]
[EventDate "2013.06.06"]

1. d4 Nf6 2. c4 g6 3. Nc3 d5 4. e3 Bg7 5. cxd5 Nxd5 6. Nxd5 Qxd5 7. Ne2 O-O 8.
Nc3 Qd8 9. Be2 c5 10. d5 e6 11. e4 exd5 12. exd5 b6 13. O-O Bb7 14. Bf4 Nd7 15.
Qd2 a6 16. a4 Re8 17. Rfe1 Bd4 18. Bc4 Ne5 19. Bxe5 Bxe5 20. Qd3 Qd7 21. Rad1
Kg7 22. g3 h5 23. b3 Bd4 24. Rxe8 Rxe8 25. Ne2 b5 26. Nxd4 bxc4 27. bxc4 cxd4
28. Qxd4+ Kg8 29. a5 Qf5 30. Qf4 Qc2 31. Rc1 Qd3 32. h4 Bc8 33. Qf6 Qe4 34. Kh2
Bf5 35. Qc3 Qe2 36. Kg1 Qe4 37. Kh2 Bg4 38. d6 Bd7 39. Rf1 Bc6 40. f3 Qe2+ 41.
Kg1 Re3 0-1

[Event "FIDE World Rapid 2013"]
[Site "Khanty-Mansiysk RUS"]
[Date "2013.06.06"]
[Round "5.12"]
[White "Dubov, Daniil"]
[Black "Ponomariov, Ruslan"]
[Result "1/2-1/2"]
[WhiteTitle "GM"]
[BlackTitle "GM"]
[WhiteElo "2638"]
[BlackElo "2743"]
[WhiteFideId "24126055"]
[BlackFideId "14103320"]
[EventDate "2013.06.06"]

1. d4 Nf6 2. c4 e6 3. Nc3 Bb4 4. e3 O-O 5. Ne2 d5 6. a3 Be7 7. cxd5 exd5 8. Nf4
c6 9. Bd3 Nbd7 10. O-O Re8 11. f3 Nf8 12. Bc2 Ne6 13. e4 dxe4 14. Nxe6 Bxe6 15.
fxe4 c5 16. e5 Nd5 17. Qd3 g6 18. Ba4 cxd4 19. Ne4 Bd7 20. Bb3 Be6 21. Ba4 Bd7
22. Bb3 Be6 1/2-1/2

[Event "FIDE World Rapid 2013"]
[Site "Khanty-Mansiysk RUS"]
[Date "2013.06.06"]
[Round "5.13"]
[White "Riazantsev, Alexander"]
[Black "Rublevsky, Sergei"]
[Result "1-0"]
[WhiteTitle "GM"]
[BlackTitle "GM"]
[WhiteElo "2708"]
[BlackElo "2695"]
[WhiteFideId "4125029"]
[BlackFideId "4115309"]
[EventDate "2013.06.06"]

1. Nf3 d5 2. e3 Nf6 3. b3 Bf5 4. Bb2 e6 5. c4 h6 6. cxd5 exd5 7. Be2 Be7 8. O-O
O-O 9. a3 Re8 10. d3 c6 11. Nbd2 Nbd7 12. b4 a5 13. Bc3 axb4 14. axb4 Qb6 15.
Qb3 Bg4 16. h3 Bh5 17. Qb2 Nf8 18. Rfb1 Ne6 19. Bf1 Bg6 20. Nd4 Nxd4 21. Bxd4
Qb5 22. Ra3 Rxa3 23. Qxa3 Nd7 24. Qc3 Bf8 25. Qa3 Qa6 26. Qxa6 bxa6 27. Rb3 Rb8
28. Bc3 Nb6 29. Ra3 d4 30. Bxd4 Nd5 31. Bc5 Nxb4 32. Bxf8 Kxf8 33. d4 f6 34. Bc4
Bf7 35. Bxf7 Kxf7 36. Ne4 Ke7 37. g4 Rb5 38. Ra4 Rb6 39. Kg2 Ke6 40. Ra5 Nd3 41.
Kf3 Nb4 42. Nc3 g6 43. Ne4 f5 44. gxf5+ gxf5 45. Re5+ Kd7 46. Rxf5 Rb5 47. Nc5+
Ke7 48. Rh5 Nd3 49. Rxh6 Nxc5 50. dxc5 Rxc5 51. Rh7+ Kf6 52. Ra7 a5 53. h4 Rb5
54. Kf4 c5 55. e4 c4 56. Rc7 Rb4 57. h5 Rb2 58. f3 a4 59. Rxc4 a3 60. Ra4 a2 61.
Ra7 Rh2 62. h6 1-0

[Event "FIDE World Rapid 2013"]
[Site "Khanty-Mansiysk RUS"]
[Date "2013.06.06"]
[Round "5.14"]
[White "Rakhmanov, Aleksandr"]
[Black "Moiseenko, Alexander"]
[Result "0-1"]
[WhiteTitle "GM"]
[BlackTitle "GM"]
[WhiteElo "2602"]
[BlackElo "2711"]
[WhiteFideId "4173708"]
[BlackFideId "14102560"]
[EventDate "2013.06.06"]

1. c4 e5 2. Nf3 e4 3. Nd4 Nc6 4. Nxc6 dxc6 5. Nc3 Nf6 6. e3 Bf5 7. Qb3 Rb8 8.
Qc2 Qd7 9. b3 Be7 10. Bb2 O-O 11. h3 b5 12. Ne2 bxc4 13. Qxc4 Rfd8 14. Rd1 Nd5
15. Nd4 c5 16. Nxf5 Qxf5 17. d3 Bh4 18. g3 Bxg3 19. fxg3 Nxe3 20. Qc3 Qg6 21.
Rd2 Qxg3+ 22. Rf2 Nxf1 23. dxe4 Rd3 24. Qxg7+ Qxg7 25. Bxg7 Ng3 26. Rg1 Re8 27.
Rf4 f5 28. Bh6 Kf7 29. h4 Rxe4+ 30. Rxe4 fxe4 31. Bf4 Nf5 32. h5 Nd4 33. Rf1 Ke6
34. Bxc7 e3 35. Bf4 Rd2 0-1

[Event "FIDE World Rapid 2013"]
[Site "Khanty-Mansiysk RUS"]
[Date "2013.06.06"]
[Round "5.15"]
[White "Mamedov, Rauf"]
[Black "Smirin, Ilia"]
[Result "0-1"]
[WhiteTitle "GM"]
[BlackTitle "GM"]
[WhiteElo "2637"]
[BlackElo "2663"]
[WhiteFideId "13401653"]
[BlackFideId "2801990"]
[EventDate "2013.06.06"]

1. Nf3 Nf6 2. c4 g6 3. b3 d6 4. Bb2 e5 5. d4 e4 6. Nfd2 e3 7. fxe3 Bh6 8. e4 O-O
9. Nc3 Re8 10. Bc1 Nc6 11. d5 Ne5 12. Nf3 Bg7 13. Qc2 Nxe4 14. Nxe4 Nxf3+ 15.
gxf3 Bxa1 16. Bg5 f6 17. Bh4 Bf5 18. Bg2 Bxe4 19. fxe4 Qd7 20. O-O Qg4 21. Bf2
Be5 22. Kh1 Rf8 23. Bg1 f5 24. exf5 Rxf5 25. Rxf5 gxf5 26. Bf3 Qg6 27. c5 Kh8
28. cxd6 cxd6 29. Qc7 b6 30. Be3 Rg8 31. Qxa7 Bxh2 32. Qxb6 Be5 0-1

[Event "FIDE World Rapid 2013"]
[Site "Khanty-Mansiysk RUS"]
[Date "2013.06.06"]
[Round "5.16"]
[White "Grachev, Boris"]
[Black "Lagno, Kateryna"]
[Result "1-0"]
[WhiteTitle "GM"]
[BlackTitle "GM"]
[WhiteElo "2683"]
[BlackElo "2542"]
[WhiteFideId "4129199"]
[BlackFideId "14109336"]
[EventDate "2013.06.06"]

1. Nf3 Nf6 2. d4 g6 3. Bf4 Bg7 4. e3 d6 5. h3 O-O 6. Be2 b6 7. O-O Bb7 8. a4 c5
9. c3 Qc7 10. Bh2 Nbd7 11. Nbd2 Ne4 12. Re1 Ndf6 13. Nxe4 Nxe4 14. Bd3 c4 15.
Bc2 e5 16. Nd2 Nxd2 17. Qxd2 Rfe8 18. Rad1 e4 19. b3 Bd5 20. Rb1 cxb3 21. Bxb3
Bxb3 22. Rxb3 Qc6 23. Qa2 d5 24. Reb1 Qc4 25. Qa1 Rec8 26. a5 h5 27. Bf4 Bf8 28.
axb6 axb6 29. Qb2 Ra6 30. Rxb6 Rxb6 31. Qxb6 Qxc3 32. Qb7 Qc6 33. Qxc6 Rxc6 34.
Rb8 Kg7 35. Rd8 Be7 36. Rxd5 Rc1+ 37. Kh2 Rc2 38. Re5 Bf6 39. Rxe4 Rxf2 40. Kg3
Rd2 41. Kf3 g5 42. Bd6 Kg6 43. Re8 Bg7 44. g4 hxg4+ 45. hxg4 Rd1 46. Rg8 Kh7 47.
Ra8 Rf1+ 48. Kg2 Rd1 49. Bg3 Rd3 50. Kf2 Bxd4 51. exd4 Rxd4 52. Kf3 Rd3+ 53. Kg2
Rd5 54. Ra7 Kg8 55. Ra6 f5 56. Rg6+ Kf7 57. Rxg5 Rd2+ 58. Kf3 fxg4+ 59. Kxg4 Ke6
60. Rg6+ Kd7 61. Kf5 Rd5+ 62. Be5 Rd1 63. Ke4 Rb1 64. Rd6+ Kc8 65. Rc6+ Kb7 66.
Rc2 Rb5 67. Bd6 Rh5 68. Be5 Rh7 69. Kd5 Rd7+ 70. Bd6 Rf7 71. Rb2+ Kc8 72. Ke6
Rb7 73. Rc2+ 1-0

[Event "FIDE World Rapid 2013"]
[Site "Khanty-Mansiysk RUS"]
[Date "2013.06.06"]
[Round "5.17"]
[White "Sargissian, Gabriel"]
[Black "Ghaem Maghami, Ehsan"]
[Result "1/2-1/2"]
[WhiteTitle "GM"]
[BlackTitle "GM"]
[WhiteElo "2671"]
[BlackElo "2554"]
[WhiteFideId "13300881"]
[BlackFideId "12500739"]
[EventDate "2013.06.06"]

1. d4 Nf6 2. c4 e6 3. Nc3 Bb4 4. e3 O-O 5. Bd3 c5 6. Nf3 d5 7. O-O Nc6 8. cxd5
exd5 9. dxc5 Bg4 10. Na4 Ne4 11. Be2 Rc8 12. a3 Bxc5 13. Nxc5 Nxc5 14. b4 Qf6
15. Ra2 Ne4 16. Bb2 Nc3 17. Bxc3 Qxc3 18. Qd2 Ne7 19. h3 Bd7 20. Nd4 Qxd2 21.
Rxd2 Rc3 22. Ra1 Rfc8 23. Kh2 g6 24. Bf3 Ba4 25. g4 Kg7 26. Kg3 Kf6 27. h4 h6
28. Kf4 g5+ 29. Kg3 Rc1 30. hxg5+ hxg5 31. Rxc1 Rxc1 32. Ne2 Rd1 33. Rxd1 Bxd1
34. Nd4 Bxf3 35. Kxf3 Nc8 36. Ke2 Nd6 37. f4 Nc4 38. a4 a5 39. bxa5 Nxa5 40. Nb5
gxf4 41. exf4 Nc4 42. Nc3 d4 43. Ne4+ Ke7 44. Nc5 b6 45. Nb3 Nb2 46. Nxd4 Nxa4
47. g5 Nc5 48. Ke3 Ne6 49. Nb5 f6 50. gxf6+ 1/2-1/2

[Event "FIDE World Rapid 2013"]
[Site "Khanty-Mansiysk RUS"]
[Date "2013.06.06"]
[Round "5.18"]
[White "Frolyanov, Dmitry"]
[Black "Potapov, Pavel"]
[Result "1-0"]
[WhiteTitle "GM"]
[BlackTitle "IM"]
[WhiteElo "2570"]
[BlackElo "2460"]
[WhiteFideId "4151976"]
[BlackFideId "4169786"]
[EventDate "2013.06.06"]

1. e4 c5 2. Nf3 Nc6 3. Bb5 g6 4. O-O Bg7 5. Nc3 Nf6 6. Re1 O-O 7. d3 d6 8. h3
Bd7 9. a3 a6 10. Bc4 b5 11. Ba2 Nd4 12. Nxd4 cxd4 13. Ne2 e5 14. c3 dxc3 15.
Nxc3 Rc8 16. Bg5 h6 17. Bxf6 Qxf6 18. Bb3 Qg5 19. Re3 Kh7 20. a4 b4 21. Nd5 f5
22. exf5 gxf5 23. Rg3 Qh4 24. Nb6 Rc7 25. Rc1 Rxc1 26. Qxc1 Qd8 27. Nxd7 Qxd7
28. Qc4 a5 29. Qd5 Qd8 30. Bc4 Rf6 31. Qb7 Qf8 32. Qc7 e4 33. dxe4 fxe4 34. Bd5
e3 35. Qc2+ Kh8 36. Rxe3 Rf5 37. Bc6 Rc5 38. Qe4 Rc1+ 39. Re1 Rxe1+ 40. Qxe1
Bxb2 41. Qe4 Be5 42. Bb5 Qf4 43. Qa8+ Kg7 44. g3 Qd4 45. Qb7+ Kf8 46. Kg2 b3 47.
Qf3+ Ke7 48. Qxb3 d5 49. Qf3 Bf6 50. Qf5 Kd6 51. Qd7+ Kc5 52. Qa7+ Kb4 53. Qxd4+
Bxd4 54. f4 Be3 55. Kf3 d4 56. g4 Kc3 57. Ke4 Bf2 58. g5 hxg5 59. fxg5 Be3 60.
h4 Bc1 61. g6 Bh6 62. h5 Bg7 63. Kf5 d3 64. Ke4 1-0

[Event "FIDE World Rapid 2013"]
[Site "Khanty-Mansiysk RUS"]
[Date "2013.06.06"]
[Round "5.19"]
[White "Georgiev, Kiril"]
[Black "Artemiev, Vladislav"]
[Result "0-1"]
[WhiteTitle "GM"]
[BlackTitle "IM"]
[WhiteElo "2636"]
[BlackElo "2524"]
[WhiteFideId "2900017"]
[BlackFideId "24101605"]
[EventDate "2013.06.06"]

1. d4 Nf6 2. Nf3 g6 3. c3 Bg7 4. Bg5 O-O 5. Nbd2 d6 6. e4 c5 7. dxc5 dxc5 8. Be2
Nc6 9. O-O h6 10. Bh4 Nh5 11. Re1 Qc7 12. Nc4 b6 13. Nfd2 Nf4 14. Bf1 Bb7 15.
Qc2 Rad8 16. a4 Ne5 17. Bg3 Nh5 18. Bxe5 Bxe5 19. g3 Bg7 20. e5 Qc6 21. Ne4 f5
22. exf6 exf6 23. Bg2 Kh8 24. f4 Qc7 25. Ned6 Bxg2 26. Kxg2 f5 27. Re6 Bf6 28.
Nb5 Qd7 29. Qe2 a6 30. Nba3 b5 31. Ne5 Qd5+ 32. Kg1 Kh7 33. Rxa6 Rfe8 34. Re1
Bxe5 35. fxe5 f4 36. Qg4 Qf7 37. Nxb5 fxg3 38. hxg3 Re7 39. Nd6 Qg7 40. Nc4 Rd3
41. Re3 Rxe3 42. Nxe3 Rxe5 43. Qf3 Qe7 44. Ng4 Rf5 45. Qe3 Qxe3+ 46. Nxe3 Rf3
47. Ra7+ Kg8 48. Nd5 Rxg3+ 49. Kf2 Rd3 50. c4 g5 51. Re7 g4 52. Re5 g3+ 53. Kg2
Rd2+ 54. Kf3 Rf2+ 55. Ke3 Rxb2 56. Re4 Rb3+ 57. Ke2 Kf7 58. Rg4 Ra3 59. Ne3 Rxa4
60. Rh4 Ra2+ 61. Kf3 Rf2+ 62. Kg4 Kg6 63. Rh1 g2 64. Re1 Re2 65. Rxe2 g1=Q+ 66.
Kf3 Qg3+ 67. Ke4 Qf4+ 68. Kd3 Qd4+ 69. Kc2 Nf4 70. Re1 Qd3+ 0-1

[Event "FIDE World Rapid 2013"]
[Site "Khanty-Mansiysk RUS"]
[Date "2013.06.06"]
[Round "5.20"]
[White "Vitiugov, Nikita"]
[Black "Al-Sayed, Mohammed"]
[Result "1/2-1/2"]
[WhiteTitle "GM"]
[BlackTitle "GM"]
[WhiteElo "2734"]
[BlackElo "2498"]
[WhiteFideId "4152956"]
[BlackFideId "12100196"]
[EventDate "2013.06.06"]

1. d4 d5 2. c4 c6 3. Nf3 Nf6 4. Qb3 dxc4 5. Qxc4 Bf5 6. g3 Nbd7 7. Bg2 e6 8. O-O
Be7 9. e3 O-O 10. Rd1 Qc7 11. Nc3 Bg6 12. h3 Ne4 13. Ne1 Ndf6 14. g4 h5 15. Qe2
hxg4 16. hxg4 Qa5 17. Nxe4 Nxe4 18. Nd3 Bd6 19. f3 Ng3 20. Qf2 Bxd3 21. Rxd3 f5
22. f4 Ne4 23. Qe2 Qd5 24. Bd2 Kf7 25. Be1 Rh8 26. Rb3 Rab8 27. Rc1 Rh7 28. g5
Kg6 29. Bf3 Rbh8 30. Qg2 Bxf4 31. exf4 Qxd4+ 32. Kf1 Rh2 33. Qg1 Nd2+ 34. Bxd2
Qxd2 35. Re1 Qxf4 36. Rxe6+ Kf7 37. Rbe3 Qc4+ 38. Re2 Qc1+ 39. Re1 Qc4+ 40. R1e2
Qc1+ 41. Re1 Qc4+ 42. R1e2 Qc1+ 43. Re1 1/2-1/2

[Event "FIDE World Rapid 2013"]
[Site "Khanty-Mansiysk RUS"]
[Date "2013.06.06"]
[Round "5.21"]
[White "Inarkiev, Ernesto"]
[Black "Gordievsky, Dmitry"]
[Result "1-0"]
[WhiteTitle "GM"]
[BlackTitle "FM"]
[WhiteElo "2680"]
[BlackElo "2474"]
[WhiteFideId "4162722"]
[BlackFideId "24112798"]
[EventDate "2013.06.06"]

1. Nf3 e6 2. g3 b6 3. Bg2 Bb7 4. O-O Nf6 5. d3 d5 6. Nbd2 Be7 7. e3 c5 8. Qe2
Nc6 9. b3 a5 10. a4 Nb4 11. c3 Nc6 12. e4 d4 13. Bb2 dxc3 14. Bxc3 Nd4 15. Qd1
O-O 16. Nc4 Rb8 17. Rb1 Ba8 18. Qd2 h6 19. Rbd1 Qd7 20. Nce5 Nxf3+ 21. Bxf3 Qc7
22. Nc4 Nd7 23. d4 cxd4 24. Bxd4 Rfd8 25. Bg2 Bf8 26. Rc1 Nc5 27. Be5 Qb7 28.
Qe2 Rbc8 29. Rc3 Qa6 30. Rfc1 Bb7 31. Qc2 Rd7 32. Bf4 Rcd8 33. Be3 Rc8 34. h4
Rdd8 35. h5 Rd7 36. Kh2 Rdc7 37. f3 Be7 38. Bf1 Qa7 39. Bf4 Rd7 40. Ne5 Rdd8 41.
Ng4 Qa8 42. Bc4 Ba6 43. Bb5 Bxb5 44. axb5 Qb7 45. Qe2 Nd7 46. Rc7 Qa8 47. R1c6
Bc5 48. Kh3 Nf8 49. Be5 Rxc7 50. Rxc7 Rd7 51. Rxd7 Nxd7 52. Qd2 Nxe5 53. Nxe5
Qe8 54. Nc6 f6 55. g4 Kh7 56. e5 f5 57. Qd3 Kg8 58. Kg2 fxg4 59. fxg4 Qf7 60.
Qd8+ Kh7 61. Qd3+ Kg8 62. Qd8+ Kh7 63. Qd2 Kg8 64. Nd8 Qe7 65. Kg3 Qc7 66. Kf4
Qe7 67. Kg3 Qc7 68. Nc6 Qf7 69. Qf4 Qd7 70. Qc4 Kh8 71. Qe4 Qd2 72. Qf3 Qe1+ 73.
Kh3 Kg8 74. Nd8 Qxe5 75. Qf7+ Kh7 76. Nxe6 Qc3+ 77. Kg2 Qc2+ 78. Kh1 Qd1+ 79.
Kh2 Qg1+ 80. Kh3 Qh1+ 81. Kg3 Qg1+ 82. Kh3 Qh1+ 83. Kg3 Qg1+ 84. Kh3 Qh1+ 85.
Kg3 Bd6+ 86. Kf2 Qh4+ 87. Kf3 Qg3+ 88. Ke4 Qe5+ 89. Kf3 Qc3+ 90. Ke4 Qe5+ 91.
Kf3 Qd5+ 92. Kf2 Qd2+ 93. Kf3 Qd3+ 94. Kf2 Qc2+ 95. Kf1 Qd1+ 96. Kf2 Qxg4 97.
Ke3 Qg3+ 98. Ke2 Qe5+ 99. Kf2 Qb2+ 100. Kf1 Qf6+ 101. Qxf6 gxf6 102. Nd4 Kg8
103. Ke2 Kf7 104. Kf3 Bc5 105. Nf5 Bf8 106. Ke3 Ke6 107. Ke4 Kf7 108. Kd5 Bg7
109. Kc6 Bf8 110. Kd7 Bg7 111. Nd6+ Kg8 112. Ke6 Bf8 113. Nf5 Bg7 114. Ke7 Kh7
115. Kf7 Bh8 116. Kf8 1-0